00425nam a22001577a 450000500170000001000150001702000260003203500140005803700130007208200140008510000190009924500430011826000410016127000420020230000230024420170705115334.0 aENG-119108 a9789382634102c475.00 aEN-102640 bDBAD/PUB a613.70449 aSharma ,Anurag a Healthy body diet /cby Anurag Sharma aAllahabadbMeenakshi Prakashanc2016 a5, Khusrobagh RoadbAllahabade211001 av,152p. c22cm(Hb)